000 01533nam a2200313 i 4500
001 000014287
003 DO-SdBNP
005 20231016155442.0
007 ta
008 091209s198u dr ad r 001 0 spa d
040 _aDO-SdBNP
_bspa
_cBNPHU
_erda
082 4 _a352.46
_bR426pl
_222
110 1 _aRepública Dominicana.
_bSecretariado Técnico de la Presidencia.
_bOficina Nacional de Planificación
_911062
245 1 0 _aPlan trienal de inversiones públicas 1981-1983.
264 _aSanto Domingo :
_bOficina Nacional de Planificación,
_c198-.
300 _a117 páginas :
_bilustraciones, tablas ;
_c29 cm.
336 _2rdacontent
_atexto
_btxt
337 _2rdamedia
_asin mediación
_bn
338 _2rdacarrier
_avolumen
_bnc
490 _aPlandes
_v52
505 0 _aIntroducción --
_tPrognosis y lineamientos de política para la década de 1980 --
_tAspectos generales de la economía dominicana --
_tPrognosis socioeconómica a 1990 --
_tPautas para el decenio --
_tProgramación para el trienio --
_tEvaluación del primer año de ejecución del plan trienal --
_tProyecciones macroeconómicas 1981-1983 --
_tProgramación de proyectos del plan de inversiones --
_gAnexo: Resumen de los proyectos.
590 _aInventariado, 2018/BT
650 4 _aInversiones públicas
_xPlanificación
_932248
650 4 _aPlanificación económica
_96641
650 4 _aPlanificación estratégica
_92433
651 4 _aRepública Dominicana
_xPolítica Económica
_9643
910 _aValidado. Control de calidad. EMS
942 _2ddc
_cLBS1
999 _c13883
_d13883